A budai bérkocsisok 1700-iki czéhszabályzata

Elmentve itt :
Bibliográfiai részletek
Dokumentumtípus: Cikk
Megjelent: 1900
Sorozat:Magyar gazdaságtörténelmi szemle 7
Kulcsszavak:Közgazdaságtudomány, Gazdaságtörténet
Online Access:http://misc.bibl.u-szeged.hu/490
LEADER 00575nab a2200169 i 4500
001 misc490
005 20191106144117.0
008 170607s1900 hu o 0|| lat d
040 |a SZTE Miscellanea Repozitórium  |b hun 
041 |a lat 
041 |a ger 
245 0 2 |a A budai bérkocsisok 1700-iki czéhszabályzata  |h [elektronikus dokumentum] 
260 |c 1900 
300 |a 33-37 
490 0 |a Magyar gazdaságtörténelmi szemle  |v 7 
695 |a Közgazdaságtudomány, Gazdaságtörténet 
856 4 0 |u http://misc.bibl.u-szeged.hu/490/1/gazd_tort_szeml_1900_033-037.pdf  |z Dokumentum-elérés